A logikai formalizmus múltja és jelene
Elmentve itt :
| Szerző: | |
|---|---|
| Adatforrás: | Philobibl |
| Forrásdokumentuma: | Athenaeum 1932/5-6 212-220. p. |
| Dokumentumtípus: | Cikk |
| Nyelv: | magyar |
| LEADER | 00285nab a2200097 c 4500 | ||
|---|---|---|---|
| 001 | bibDOK00012213 | ||
| 005 | 20200924120741.1 | ||
| 008 | 060518s1932 xx hun | ||
| 100 | 1 | |a Bencsik Béla | |
| 245 | 1 | 2 | |a A logikai formalizmus múltja és jelene |c Bencsik Béla |
| 773 | 0 | |t Athenaeum 1932/5-6 |g 212-220. p. | |